[Event "XIII American Continental"]
[Site "Montevideo URU"]
[Date "2018.06.09"]
[Round "10"]
[White "Vazquez, Facundo"]
[Black "Dominguez Barreto, Facundo"]
[Result "1/2-1/2"]
[WhiteElo "1969"]
[BlackElo "2141"]
[EventDate "2018.06.01"]
[PlyCount "69"]

1.d4 Nf6 2.c4 c5 3.d5 e6 4.Nc3 exd5 5.cxd5 d6 6.Nf3 g6 7.e4 Bg7 8.Bg5 O-O 
9.Nd2 a6 10.a4 Nbd7 11.Be2 h6 12.Bh4 Qe7 13.O-O g5 14.Bg3 Ne5 15.a5 Bd7 
16.Ra3 Rad8 17.Rb3 Bc8 18.Re1 Nfd7 19.Na4 Ng6 20.Nb6 Nde5 21.Nbc4 f5 22.
Nxe5 Nxe5 23.exf5 Bxf5 24.Nf3 Nxf3+ 25.Bxf3 Qc7 26.Rb6 Bd4 27.Bg4 Qf7 28.
Bh5 Qc7 29.Qd2 Rf6 30.Re2 Rdf8 31.h3 Bc8 32.Kh2 Qd8 33.Rb3 Qc7 34.f3 c4 
35.Ra3 1/2-1/2

[Event "XIII American Continental"]
[Site "Montevideo URU"]
[Date "2018.06.09"]
[Round "10"]
[White "Palma Neira, Eliseo Maximiliano"]
[Black "Arias Bouzada, Jorge"]
[Result "1/2-1/2"]
[WhiteElo "1956"]
[BlackElo "2097"]
[EventDate "2018.06.01"]
[PlyCount "126"]

1.Nf3 c5 2.e4 Nc6 3.Bb5 g6 4.Bxc6 bxc6 5.O-O Bg7 6.Re1 e5 7.c3 Qb6 8.Na3 
Ba6 9.d3 d6 10.d4 cxd4 11.cxd4 exd4 12.e5 dxe5 13.Nxe5 Ne7 14.Qf3 O-O 15.
Nd7 Qb4 16.Nc2 Qc4 17.Nxf8 Rxf8 18.Bg5 Nd5 19.Qe4 Qd3 20.Qxd3 Bxd3 21.Nxd4
Bxd4 22.Rad1 Nb4 23.a3 Nc2 24.Rxd3 Nxe1 25.Rxd4 c5 26.Rd1 f6 27.Be3 Nc2 
28.Bxc5 Rb8 29.Rb1 Rb5 30.Bd6 Rb6 31.Bc5 Rb5 32.Bxa7 Nxa3 33.Rd1 Nc2 34.
Rd8+ Kg7 35.Rb8 Ra5 36.Rb7+ Kh6 37.Kf1 Re5 38.g3 g5 39.h3 Kg6 40.Rc7 Nb4 
41.Rc3 Re6 42.Rc4 Nd3 43.Bd4 Re4 44.b3 Re1+ 45.Kg2 Rb1 46.Rc3 Ne1+ 47.Kh2 
Kf5 48.f3 Nxf3+ 49.Rxf3+ Ke4 50.Rxf6 Kxd4 51.h4 gxh4 52.Rf4+ Ke5 53.Rxh4 
Rxb3 54.Rxh7 Kf5 55.Rg7 Kf6 56.Rg4 Kf5 57.Rg8 Ra3 58.Kh3 Ra1 59.Rf8+ Kg5 
60.Rg8+ Kf5 61.g4+ Kf4 62.Rf8+ Kg5 63.Rg8+ Kf6 1/2-1/2

[Event "XIII American Continental"]
[Site "Montevideo URU"]
[Date "2018.06.09"]
[Round "10"]
[White "Chaves, Jorge Antonio Torres"]
[Black "Santos Filho, Tadeu Sousa"]
[Result "1-0"]
[WhiteElo "1936"]
[BlackElo "2096"]
[EventDate "2018.06.01"]
[PlyCount "171"]

1.d4 Nf6 2.Bf4 g6 3.Nf3 d6 4.h3 Bg7 5.e3 O-O 6.Nbd2 Nbd7 7.Be2 Qe8 8.Bh2 
e5 9.O-O e4 10.Ne1 Bh6 11.c4 Qe7 12.Nc2 a5 13.Na3 b6 14.Nb5 Ne8 15.Qc2 Bb7
16.a3 f5 17.b4 c6 18.Nc3 Nef6 19.c5 dxc5 20.bxc5 Rfc8 21.Bd6 Qd8 22.Nc4 b5
23.Ne5 Qe8 24.Rae1 Bf8 25.Bxf8 Kxf8 26.Nxd7+ Qxd7 27.f3 exf3 28.Rxf3 Kg7 
29.Bd3 Rf8 30.Ref1 Rad8 31.Ne2 Qe7 32.Nf4 Bc8 33.Qa2 Bd7 34.a4 b4 35.Bc4 
Ne4 36.Re1 Rde8 37.Nd3 Be6 38.Bxe6 Qxe6 39.Qb2 Kg8 40.Nf4 Qf7 41.h4 Qc4 
42.Rc1 Qf7 43.Nd3 Nf6 44.Ne5 Qd5 45.Nc4 Qd8 46.Nd6 Re7 47.Qb3+ Kg7 48.Rcf1
Ne4 49.Nxe4 Rxe4 50.h5 Rfe8 51.hxg6 hxg6 52.Rh3 Rxe3 53.Rxe3 Qxd4 54.Rf3 
f4 55.Qd3 Qxd3 56.Rxd3 Re5 57.Rxf4 Rxc5 58.Rd7+ Kh6 59.Rb7 Kg5 60.Rf3 Rc1+
61.Kf2 Ra1 62.Rc7 Rc1 63.Ra7 Rc5 64.Kg3 Rd5 65.Kh3 Rc5 66.Ra6 Kh5 67.Ra8 
Kg5 68.Rb8 Rc1 69.Ra8 Rc5 70.Kh2 Kg4 71.Raf8 Rh5+ 72.Kg1 Rf5 73.Kf2 c5 74.
Ke2 c4 75.R8xf5 gxf5 76.Kd2 f4 77.Kc2 Kg5 78.g3 fxg3 79.Rxg3+ Kf4 80.Rg8 
Ke4 81.Rd8 Ke3 82.Rd5 Ke4 83.Rxa5 Kd4 84.Rb5 b3+ 85.Kc1 Kd3 86.a5 1-0

[Event "XIII American Continental"]
[Site "Montevideo URU"]
[Date "2018.06.09"]
[Round "10"]
[White "Restuccia, Francisco"]
[Black "Nascimento, Pedro Henrique Alves"]
[Result "1/2-1/2"]
[WhiteElo "2094"]
[BlackElo "1979"]
[EventDate "2018.06.01"]
[PlyCount "154"]

1.e4 e6 2.d4 d5 3.e5 c5 4.c3 Nc6 5.Nf3 Bd7 6.Na3 Nge7 7.Nc2 cxd4 8.cxd4 
Qb6 9.Bd3 Nb4 10.Nxb4 Qxb4+ 11.Bd2 Qb6 12.O-O Bb5 13.Qe2 Bxd3 14.Qxd3 Nc6 
15.a3 Be7 16.b4 O-O 17.Rfd1 h6 18.Rab1 Rac8 19.a4 Nb8 20.b5 Qc7 21.Ne1 Kh8
22.Qh3 Kg8 23.Qg4 Kh7 24.Rb3 f5 25.exf6 Rxf6 26.Rc3 Qd7 27.Rxc8 Qxc8 28.
Rc1 Qd8 29.Nd3 Rg6 30.Qh3 Bg5 31.Nf4 Bxf4 32.Bxf4 Nd7 33.Qd3 e5 34.dxe5 
Nxe5 35.Qe2 Nc4 36.Rd1 Qf6 37.Bg3 Qe6 38.Qc2 Nd6 39.Qd3 Nf5 40.Qxd5 Qxd5 
41.Rxd5 Nxg3 42.hxg3 Rg4 43.Rd7 Rxa4 44.Rxb7 Ra1+ 45.Kh2 a5 46.bxa6 Rxa6 
47.g4 Kg6 48.Kg3 Ra3+ 49.f3 Ra6 50.Rb5 Rc6 51.Kh4 Ra6 52.f4 Rc6 53.g5 
hxg5+ 54.Rxg5+ Kf6 55.Ra5 Rc1 56.Kg4 Rc6 57.Re5 Rc3 58.Rf5+ Kg6 59.Rg5+ 
Kf6 60.g3 Rc6 61.Rf5+ Kg6 62.Re5 Ra6 63.Kf3 Kf7 64.g4 g6 65.Rd5 Ra7 66.Ke4
Re7+ 67.Re5 Ra7 68.g5 Ra4+ 69.Kf3 Ra3+ 70.Re3 Ra7 71.Rb3 Re7 72.Rb6 Kg7 
73.Kg4 Ra7 74.Rb4 Rc7 75.f5 gxf5+ 76.Kxf5 Rf7+ 77.Kg4 Ra7 1/2-1/2

[Event "XIII American Continental"]
[Site "Montevideo URU"]
[Date "2018.06.09"]
[Round "10"]
[White "Suarez, Pedro"]
[Black "Rothebarth, Ana Vitoria de Paula"]
[Result "0-1"]
[WhiteElo "1924"]
[BlackElo "2090"]
[EventDate "2018.06.01"]
[PlyCount "106"]

1.d4 Nf6 2.c4 e6 3.Nc3 Bb4 4.e3 O-O 5.Bd3 c5 6.a3 Bxc3+ 7.bxc3 d6 8.Ne2 e5
9.f3 Nc6 10.O-O b6 11.Ng3 Na5 12.d5 Ba6 13.Qe2 Nb3 14.Bb2 Nxa1 15.Rxa1 Rb8
16.Bc1 Bc8 17.e4 a6 18.Nf1 h6 19.a4 Bd7 20.g4 Nh7 21.Ne3 h5 22.Nf5 hxg4 
23.fxg4 Bxf5 24.gxf5 Qh4 25.Be3 Ng5 26.Bxg5 Qxg5+ 27.Kh1 f6 28.Rg1 Qh6 29.
Rg6 Qh7 30.Qg4 Kf7 31.Kg2 Rh8 32.h3 Rbg8 33.Kg3 Qh5 34.Be2 Qxg4+ 35.Rxg4 
g6 36.Rxg6 Rxg6+ 37.fxg6+ Kxg6 38.Bg4 Kg5 39.Bf5 Rh4 40.Bg4 Rh8 41.Bd7 Rd8
42.Be6 Kh6 43.Kf3 Rb8 44.Bd7 Kh5 45.Kg3 Kg5 46.Bc6 f5 47.h4+ Kf6 48.exf5 
Kxf5 49.Kf3 e4+ 50.Ke3 Rh8 51.Bd7+ Ke5 52.Bh3 Rxh4 53.Bg2 Rg4 0-1

[Event "XIII American Continental"]
[Site "Montevideo URU"]
[Date "2018.06.09"]
[Round "10"]
[White "Sauvageot Ledezma, Diego"]
[Black "Pena Canapa, Alfredo"]
[Result "1-0"]
[WhiteElo "2084"]
[BlackElo "1925"]
[EventDate "2018.06.01"]
[PlyCount "103"]

1.d4 Nf6 2.Nc3 d5 3.Bf4 c5 4.e3 e6 5.Nb5 Na6 6.a3 Be7 7.Nf3 O-O 8.dxc5 
Bxc5 9.Be2 Qb6 10.O-O Bd7 11.Nfd4 Rac8 12.c3 Ne4 13.a4 Ra8 14.Bd3 f5 15.a5
Qd8 16.f3 Nf6 17.b4 Be7 18.Qe1 b6 19.Be5 bxa5 20.Qg3 Qb6 21.Rxa5 Nh5 22.
Qh3 Nf6 23.Rfa1 Bc8 24.Qg3 Nh5 25.Qf2 f4 26.g4 fxe3 27.Qxe3 Nf6 28.Qe1 Ne8
29.Kg2 Nec7 30.Qb1 h6 31.Qa2 Nxb5 32.Rxb5 Qd8 33.Ra5 Nc7 34.Rxa7 Rxa7 35.
Qxa7 Bd6 36.Nc6 Qd7 37.b5 Bxe5 38.Nxe5 Qd6 39.Qe3 Bb7 40.Ra7 Rb8 41.Qd4 
Ne8 42.Qf4 Nf6 43.h4 Qb6 44.Qd4 Qc7 45.g5 hxg5 46.hxg5 Ne8 47.Bg6 Nd6 48.
b6 Qd8 49.Qh4 Nf5 50.Qh7+ Kf8 51.Qh8+ Ke7 52.Nc6+ 1-0

[Event "XIII American Continental"]
[Site "Montevideo URU"]
[Date "2018.06.09"]
[Round "10"]
[White "Palacio, Enzo"]
[Black "Bustelo, Tabare"]
[Result "0-1"]
[WhiteElo "1633"]
[BlackElo "2050"]
[EventDate "2018.06.01"]
[PlyCount "38"]

1.e4 c5 2.Nf3 Nc6 3.d4 cxd4 4.Nxd4 e5 5.Nb5 d6 6.c4 Be7 7.N1c3 a6 8.Na3 
Be6 9.Be3 Bg5 10.Nc2 Bxe3 11.Nxe3 Nge7 12.Be2 O-O 13.O-O Nd4 14.Bg4 Rc8 
15.Bxe6 fxe6 16.Ne2 Nec6 17.Rc1 Qh4 18.f3 Qg5 19.Nxd4 Qxe3+ 0-1

[Event "XIII American Continental"]
[Site "Montevideo URU"]
[Date "2018.06.09"]
[Round "10"]
[White "Pomar, Marcelo Nascimento"]
[Black "Davila Texeira, Mario"]
[Result "1-0"]
[WhiteElo "2037"]
[BlackElo "1873"]
[EventDate "2018.06.01"]
[PlyCount "157"]

1.e4 c5 2.Nf3 g6 3.d4 cxd4 4.Nxd4 Bg7 5.g3 Nc6 6.Ne2 d6 7.Bg2 Nf6 8.Nbc3 
O-O 9.h3 Bd7 10.O-O Rc8 11.Be3 h6 12.Nd5 Nxd5 13.exd5 Ne5 14.b3 Be8 15.Bd4
b6 16.Re1 g5 17.f4 gxf4 18.gxf4 Ng6 19.Bxg7 Kxg7 20.Ng3 f5 21.Kh2 Kh7 22.
Qd2 Bd7 23.Re2 Rf7 24.Rae1 Qg8 25.Nh5 Re8 26.Bh1 Qh8 27.c4 Bc8 28.a4 Bd7 
29.Rg1 Rg8 30.Qe3 Bc8 31.a5 bxa5 32.Qxa7 Qc3 33.Rg3 Qa1 34.Qf2 Qd1 35.Rge3
Kh8 36.Ng3 Qd4 37.Nh5 Qd1 38.Qe1 Qxe1 39.Rxe1 Bd7 40.Ra1 a4 41.bxa4 Ra8 
42.a5 Ra7 43.Rg3 Kh7 44.Rag1 Nf8 45.Rg7+ Rxg7 46.Rxg7+ Kh8 47.Rxe7 Rxa5 
48.Nf6 Ba4 49.Bf3 Ra8 50.Kg3 Bc2 51.Re8 Ra3 52.Kf2 Kg7 53.Nh5+ Kf7 54.Re3 
Rxe3 55.Kxe3 Nd7 56.Kd2 Bb3 57.Kc3 Nc5 58.Ng3 Kf6 59.Nf1 Ba4 60.Nd2 Kg6 
61.Nf1 Kf6 62.Ng3 Kg6 63.Be2 Kf6 64.Kb4 Bc2 65.Kb5 Ke7 66.Kc6 Ba4+ 67.Kc7 
Bc2 68.Bh5 Nb3 69.Bg6 Nd4 70.h4 Bd3 71.c5 Kf6 72.Be8 dxc5 73.d6 c4 74.Nh5+
Ke6 75.d7 Nb5+ 76.Kb6 Ke7 77.d8=Q+ Kxd8 78.Bxb5 Be2 79.Ng3 1-0

[Event "XIII American Continental"]
[Site "Montevideo URU"]
[Date "2018.06.09"]
[Round "10"]
[White "Garmendia Vega, Gabriel"]
[Black "Miraballes Lopez, Andres"]
[Result "1-0"]
[WhiteElo "2029"]
[BlackElo "1665"]
[EventDate "2018.06.01"]
[PlyCount "79"]

1.e4 c5 2.Nf3 d6 3.Bb5+ Nc6 4.O-O g6 5.Re1 Bg7 6.c3 Qb6 7.Bf1 Bg4 8.d3 Nf6
9.Nbd2 O-O 10.h3 Bd7 11.Nc4 Qc7 12.Bf4 b5 13.Ncd2 Nh5 14.Bh2 Qb6 15.e5 d5 
16.g4 Nf6 17.exf6 Bxf6 18.Ne5 Bc8 19.Bg2 e6 20.Ndf3 Ne7 21.Qd2 Bg7 22.g5 
Nf5 23.Ng4 Qd8 24.Be5 Bxe5 25.Nfxe5 Kg7 26.Qf4 Rh8 27.Nh6 Qc7 28.Bf3 Bb7 
29.Nxf5+ gxf5 30.Kh1 Rhf8 31.Rg1 Rg8 32.Rae1 Rac8 33.Qh4 Rh8 34.Qh6+ Kg8 
35.Qf6 Rf8 36.Rg3 Re8 37.Reg1 Qe7 38.Qh6 Qd6 39.g6 hxg6 40.Rxg6+ 1-0

[Event "XIII American Continental"]
[Site "Montevideo URU"]
[Date "2018.06.09"]
[Round "10"]
[White "Ledezma Panades, Hernan Javier"]
[Black "Izquierdo, Sebastian"]
[Result "1/2-1/2"]
[WhiteElo "1887"]
[BlackElo "1992"]
[EventDate "2018.06.01"]
[PlyCount "78"]

1.e4 c6 2.d4 d5 3.e5 Bf5 4.h4 h6 5.g4 Be4 6.f3 Bh7 7.e6 fxe6 8.Bd3 Qd6 9.
Bxh7 Rxh7 10.Qd3 Rh8 11.Qg6+ Kd7 12.f4 Nf6 13.Nf3 Kc7 14.Ne5 Qb4+ 15.c3 
Qb5 16.a4 Qa6 17.g5 Ne4 18.Nd2 Ng3 19.Rh2 hxg5 20.Qxg5 Nf5 21.Ng6 Rg8 22.
b4 Qd3 23.Bb2 Nd7 24.Re2 a5 25.Nf1 axb4 26.Rd1 Qc4 27.Ne3 Nxe3 28.Rxe3 
bxc3 29.Ne5 Qxa4 30.Bxc3 Qc2 31.Ng6 Ra2 32.Rd2 Qb1+ 33.Ke2 Qb5+ 34.Ke1 
Rxd2 35.Bxd2 Qb1+ 36.Ke2 Qf5 37.Qg1 Nf6 38.Ne5 Qh5+ 39.Rf3 Nd7 1/2-1/2

[Event "XIII American Continental"]
[Site "Montevideo URU"]
[Date "2018.06.09"]
[Round "10"]
[White "Moyses Sobrinho, Elias"]
[Black "Cardozo, Camila"]
[Result "0-1"]
[WhiteElo "1920"]
[BlackElo "1586"]
[EventDate "2018.06.01"]
[PlyCount "78"]

1.e4 e6 2.d4 d5 3.Nc3 Nf6 4.Bg5 Be7 5.e5 Nfd7 6.Bxe7 Qxe7 7.a3 O-O 8.Nf3 
c5 9.Nb5 Qd8 10.Nd6 cxd4 11.Nxc8 Qxc8 12.Qxd4 Qxc2 13.Bd3 Qc5 14.Bxh7+ 
Kxh7 15.Qh4+ Kg8 16.Ng5 Qc2 17.O-O Qg6 18.f4 Qh6 19.Qg4 Nc6 20.Rae1 Rfe8 
21.Re3 f5 22.Qe2 Re7 23.Rh3 Qg6 24.Nh7 Qg4 25.Rff3 Nd4 26.Qf1 Nxf3+ 27.
Rxf3 Rc8 28.Rg3 Qh5 29.Rh3 Qg6 30.Ng5 Nxe5 31.Qe1 Ng4 32.Rd3 Qf6 33.Rc3 
Qd4+ 34.Kf1 Rxc3 35.bxc3 Qxf4+ 36.Nf3 Nxh2+ 37.Kg1 Nxf3+ 38.gxf3 Qxf3 39.
Qh4 Qg4+ 0-1

[Event "XIII American Continental"]
[Site "Montevideo URU"]
[Date "2018.06.09"]
[Round "10"]
[White "Visillac, Alejandro"]
[Black "Avgoustopoulos, Christian"]
[Result "0-1"]
[WhiteElo "1830"]
[BlackElo "2110"]
[EventDate "2018.06.01"]
[PlyCount "68"]

1.e4 e6 2.d3 d5 3.Nd2 c5 4.Ngf3 Nc6 5.g3 Nf6 6.Bg2 b6 7.O-O Bb7 8.Re1 Be7 
9.e5 Nd7 10.Nf1 Qc7 11.Bf4 h6 12.h4 O-O-O 13.Ne3 Rdg8 14.Nxd5 Qd8 15.Nxe7+
Nxe7 16.c4 Nf5 17.Bh3 g5 18.hxg5 hxg5 19.Bxg5 Rxg5 20.Nxg5 Qxg5 21.Bg2 
Bxg2 22.Kxg2 Nd4 23.Rh1 Rxh1 24.Qxh1 Qxe5 25.Re1 Qf5 26.Qh8+ Kb7 27.Re3 e5
28.Kf1 Nf6 29.Qh1+ Ka6 30.f3 Ng4 31.Re4 Nxf3 32.Rxg4 Nh2+ 33.Kg1 Nxg4 34.
Qc6 Qf2+ 0-1

[Event "XIII American Continental"]
[Site "Montevideo URU"]
[Date "2018.06.09"]
[Round "10"]
[White "Cortes Arias, Mariela"]
[Black "Ramos, Angelo Bil"]
[Result "0-1"]
[WhiteElo "1830"]
[BlackElo "1926"]
[EventDate "2018.06.01"]
[PlyCount "104"]

1.e4 c5 2.Nf3 Nc6 3.Bb5 g6 4.Bxc6 dxc6 5.d3 Bg7 6.h3 b6 7.O-O e5 8.a3 Qe7 
9.b4 cxb4 10.axb4 Be6 11.Nbd2 Rd8 12.Ba3 Qc7 13.Ng5 Bc8 14.Nc4 f6 15.Nf3 
Be6 16.Nfd2 Ne7 17.Bb2 O-O 18.Ra3 Rd7 19.Qa1 Nc8 20.Ra6 Rff7 21.Bc3 Bf8 
22.Qb2 b5 23.Na5 Nb6 24.Nab3 Na4 25.Qa1 Qc8 26.Ra5 Bd6 27.d4 Bxb3 28.Nxb3 
exd4 29.Nxd4 Rfe7 30.f3 Qc7 31.Nb3 f5 32.Bf6 Re8 33.c3 fxe4 34.fxe4 Rxe4 
35.Nd4 Rf7 36.Ra6 Qd7 37.Qa2 Nxc3 38.Qc2 Bf4 39.Rxc6 Be3+ 40.Kh1 Bxd4 41.
Rxc3 Bxc3 42.Qxc3 Re6 43.Rf3 Qc6 44.Qxc6 Rxc6 45.Bd8 Rxf3 46.gxf3 Rc2 47.
Kg1 Kf7 48.Kh1 h5 49.Kg1 Ke6 50.Kh1 Rc4 51.Ba5 Kf5 52.Kg2 Kf4 0-1

[Event "XIII American Continental"]
[Site "Montevideo URU"]
[Date "2018.06.09"]
[Round "10"]
[White "Ortiz, Jorge"]
[Black "Ruggiero, Alvaro"]
[Result "1/2-1/2"]
[WhiteElo "1784"]
[BlackElo "1894"]
[EventDate "2018.06.01"]
[PlyCount "97"]

1.e4 c6 2.c4 d5 3.exd5 cxd5 4.d4 e6 5.Nc3 Nf6 6.Bd3 Be7 7.Nge2 dxc4 8.Bxc4
Nbd7 9.d5 exd5 10.Nxd5 Nxd5 11.Qxd5 O-O 12.O-O Nb6 13.Qxd8 Rxd8 14.Bb3 Bg4
15.Ng3 Bf6 16.Ne4 Be5 17.Re1 Re8 18.h3 Bf5 19.Kf1 Rac8 20.Re2 h6 21.f4 
Bxb2 22.Bxf7+ Kxf7 23.Nd6+ Kg6 24.Rxb2 Bd3+ 25.Kf2 Nc4 26.Nxe8 Nxb2 27.
Bxb2 Rxe8 28.Re1 Rc8 29.Rc1 Bc4 30.a3 b5 31.Rd1 Rc7 32.g4 a5 33.Rd6+ Kh7 
34.Bc3 a4 35.h4 Re7 36.g5 hxg5 37.fxg5 Bf7 38.Bb4 Re4 39.Rb6 Rxh4 40.Rxb5 
Rg4 41.Kf3 Bh5 42.Kf2 Bf7 43.Kf3 Rd4 44.Ra5 Bh5+ 45.Kg3 Bd1 46.Kf2 Rd7 47.
Kg3 Kg6 48.Ra6+ Kxg5 49.Rd6 1/2-1/2

[Event "XIII American Continental"]
[Site "Montevideo URU"]
[Date "2018.06.09"]
[Round "10"]
[White "Do Prado, Hamilton Mesquita"]
[Black "Pinero, Ismael"]
[Result "1/2-1/2"]
[WhiteElo "1681"]
[BlackElo "1883"]
[EventDate "2018.06.01"]
[PlyCount "103"]

1.d4 Nf6 2.Nc3 d5 3.Bf4 e6 4.e3 Bb4 5.a3 Ba5 6.b4 Bb6 7.Bd3 Bd7 8.Nf3 a5 
9.O-O axb4 10.axb4 Rxa1 11.Qxa1 Nc6 12.Rb1 Ne7 13.Ne5 Ng6 14.Nxd7 Nxd7 15.
Bg3 O-O 16.Na4 Ba7 17.Nc5 Bxc5 18.bxc5 b6 19.cxb6 cxb6 20.h3 e5 21.dxe5 
Nc5 22.Qa7 Qg5 23.Rxb6 Nxe5 24.Bxe5 Qxe5 25.Qa2 d4 26.exd4 Qxd4 27.Qb2 Qd5
28.Qb1 g6 29.Rb8 Rxb8 30.Qxb8+ Kg7 31.Qb2+ f6 32.Qc3 Qd6 33.Qa3 Qe5 34.Qc1
Qd4 35.Qd1 Qd5 36.Qe2 Qa8 37.Kh2 Qb7 38.Qe3 Qb8+ 39.Qg3 Qd8 40.Qe3 Qd6+ 
41.g3 Ne6 42.Qa7+ Kh6 43.Qe3+ Kg7 44.h4 Nc5 45.Qf3 Qd4 46.Kg2 Qe5 47.Qe3 
Qd5+ 48.f3 Qd6 49.g4 Ne6 50.Qa7+ Kh6 51.Qe3+ Nf4+ 52.Kf1 1/2-1/2

[Event "XIII American Continental"]
[Site "Montevideo URU"]
[Date "2018.06.09"]
[Round "10"]
[White "Belistri, Ubaldo"]
[Black "Lanaro, Emilio"]
[Result "1-0"]
[WhiteElo "1867"]
[BlackElo "1760"]
[EventDate "2018.06.01"]
[PlyCount "39"]

1.d4 d5 2.Nf3 Nf6 3.c4 c6 4.Nc3 e6 5.e3 Nbd7 6.Qc2 Bd6 7.b3 e5 8.cxd5 cxd5
9.Nb5 Qe7 10.Nxd6+ Qxd6 11.dxe5 Nxe5 12.Nxe5 Qxe5 13.Bb2 Qe7 14.Bb5+ Bd7 
15.Bxd7+ Kxd7 16.O-O Rac8 17.Qd3 Kc7 18.Rad1 h5 19.Qf5 Rh6 20.Rc1+ 1-0

[Event "XIII American Continental"]
[Site "Montevideo URU"]
[Date "2018.06.09"]
[Round "10"]
[White "Bon, Charles"]
[Black "Zaruski, Julio"]
[Result "1/2-1/2"]
[WhiteElo "1591"]
[BlackElo "1862"]
[EventDate "2018.06.01"]
[PlyCount "98"]

1.e4 e5 2.Nf3 Nc6 3.Bb5 a6 4.Ba4 Nf6 5.O-O Be7 6.Re1 O-O 7.c3 d6 8.h3 h6 
9.d4 b5 10.Bc2 Bb7 11.Nbd2 exd4 12.cxd4 Re8 13.Nf1 Bf8 14.Ng3 Nb4 15.Bb1 
c5 16.a3 Nc6 17.d5 Ne5 18.Nxe5 Rxe5 19.Bf4 Re8 20.Nf5 Bc8 21.Ng3 Ra7 22.
Bc2 Ree7 23.Qd2 a5 24.Rad1 Rab7 25.e5 dxe5 26.Rxe5 Rxe5 27.Bxe5 Bd6 28.
Bxd6 Qxd6 29.Ne4 Nxe4 30.Bxe4 b4 31.Re1 Re7 32.Bf3 Rxe1+ 33.Qxe1 Bd7 34.
Qd2 Bf5 35.Qe3 Bg6 36.Qe8+ Kh7 37.Qe3 c4 38.axb4 Qxb4 39.Qd4 a4 40.d6 a3 
41.bxa3 Qe1+ 42.Kh2 c3 43.Qe3 Qxe3 44.fxe3 c2 45.d7 c1=Q 46.d8=Q Qxa3 47.
Qd4 Qc1 48.Be4 Qc7+ 49.Kh1 Qc1+ 1/2-1/2

[Event "XIII American Continental"]
[Site "Montevideo URU"]
[Date "2018.06.09"]
[Round "10"]
[White "Busca, Joaquin"]
[Black "Reolon, Victor"]
[Result "1/2-1/2"]
[WhiteElo "1889"]
[BlackElo "1678"]
[EventDate "2018.06.01"]
[PlyCount "72"]

1.c4 c5 2.g3 g6 3.Bg2 Bg7 4.Nf3 Nc6 5.O-O Nf6 6.d4 cxd4 7.Nxd4 Nxd4 8.Qxd4
O-O 9.Qd2 d6 10.Nc3 Rb8 11.b3 Re8 12.Bb2 Qa5 13.Rfd1 Bd7 14.Nd5 Qxd2 15.
Rxd2 Nxd5 16.Bxg7 Nf4 17.gxf4 Kxg7 18.c5 Bc6 19.Bxc6 bxc6 20.cxd6 exd6 21.
e3 d5 22.Rc1 Re6 23.Rdc2 Rb6 24.Rc5 Kf6 25.Kg2 h6 26.Kf3 Kf5 27.R1c3 Kf6 
28.a4 Ra6 29.a5 Ke7 30.Ke2 Kd7 31.Kd3 Re4 32.f3 Rb4 33.Kc2 Kd6 34.Kb2 d4 
35.exd4 Rxd4 36.f5 g5 1/2-1/2

[Event "XIII American Continental"]
[Site "Montevideo URU"]
[Date "2018.06.09"]
[Round "10"]
[White "Maestro, Esteban"]
[Black "Rodriguez Farias, Eduardo"]
[Result "0-1"]
[WhiteElo "1444"]
[BlackElo "1943"]
[EventDate "2018.06.01"]
[PlyCount "52"]

1.e4 c5 2.Nf3 Nc6 3.d4 cxd4 4.Nxd4 e5 5.Nb5 d6 6.N1c3 a6 7.Na3 b5 8.Nd5 
Nge7 9.c4 Nxd5 10.cxd5 Nd4 11.Nc2 Bg4 12.Qd3 Nxc2+ 13.Qxc2 Rc8 14.Qb3 Be7 
15.Bd3 O-O 16.O-O f5 17.f3 fxe4 18.fxe4 Qb6+ 19.Kh1 Rxf1+ 20.Bxf1 Qf2 21.
Be3 Qc2 22.Qa3 Qxe4 23.Qd3 Bf5 24.Qxe4 Bxe4 25.a4 Bxd5 26.axb5 axb5 0-1

[Event "XIII American Continental"]
[Site "Montevideo URU"]
[Date "2018.06.09"]
[Round "10"]
[White "Malan, Lucia"]
[Black "Barandiaran, Gabriel"]
[Result "1/2-1/2"]
[WhiteElo "1733"]
[BlackElo "1882"]
[EventDate "2018.06.01"]
[PlyCount "40"]

1.e4 e5 2.Nf3 Nc6 3.Bb5 Nf6 4.O-O d6 5.d4 exd4 6.Nxd4 Bd7 7.Nc3 Be7 8.Bf4 
O-O 9.Re1 Ne5 10.Bxd7 Nexd7 11.Nf5 Re8 12.Nxe7+ Qxe7 13.Bg3 Nb6 14.e5 dxe5
15.Bxe5 Rad8 16.Bxf6 Rxd1 17.Bxe7 Rxa1 18.Rxa1 Rxe7 19.Kf1 Nc4 20.Rd1 Kf8 
1/2-1/2

[Event "XIII American Continental"]
[Site "Montevideo URU"]
[Date "2018.06.09"]
[Round "10"]
[White "Gomes, Marco Tulio Caldeira"]
[Black "Marrero, Javier"]
[Result "0-1"]
[WhiteElo "1692"]
[BlackElo "1849"]
[EventDate "2018.06.01"]
[PlyCount "134"]

1.e4 c5 2.Nf3 e6 3.d4 cxd4 4.Nxd4 Nc6 5.Nc3 Qc7 6.Be2 a6 7.O-O Nf6 8.Be3 
Bb4 9.Na4 Be7 10.Nxc6 bxc6 11.Nb6 Rb8 12.Nxc8 Qxc8 13.e5 Nd5 14.Bd4 c5 15.
Bc3 Nxc3 16.bxc3 O-O 17.Qd3 Qc7 18.f4 Rb6 19.Rab1 Rfb8 20.Rxb6 Rxb6 21.c4 
d6 22.Qe4 dxe5 23.fxe5 Qb7 24.Qf4 Bf8 25.Bd3 Rb1 26.Qe4 Rxf1+ 27.Kxf1 Qb1+
28.Ke2 g6 29.a4 Qa1 30.h4 Qxa4 31.h5 Qe8 32.g4 a5 33.c3 a4 34.Bb1 Qb8 35.
Kf3 a3 36.hxg6 hxg6 37.Qc2 Qxe5 38.Qb3 Bd6 39.Qxa3 Qf4+ 40.Ke2 Qxg4+ 41.
Kd2 Qxc4 42.Qa8+ Bf8 43.Qe8 Qf4+ 44.Ke2 Qe5+ 45.Kd2 Qd6+ 46.Ke3 Qe7 47.Qa8
Qg5+ 48.Ke2 Kg7 49.Qb8 Be7 50.Kd1 Bf6 51.Kc2 Qe5 52.Qxe5 Bxe5 53.c4 f5 54.
Kd3 Kf6 55.Ke3 g5 56.Kf3 Bd4 57.Bd3 e5 58.Be2 e4+ 59.Kg3 f4+ 60.Kg4 f3 61.
Bf1 Be3 62.Bh3 Bf4 63.Bf1 Ke5 64.Bh3 Kd4 65.Bf1 Be5 66.Kxg5 e3 67.Kg4 e2 
0-1

[Event "XIII American Continental"]
[Site "Montevideo URU"]
[Date "2018.06.09"]
[Round "10"]
[White "Marques, Ubiratan De Azevedo"]
[Black "Oviedo, Mathias"]
[Result "0-1"]
[WhiteElo "1777"]
[BlackElo "1611"]
[EventDate "2018.06.01"]
[PlyCount "114"]

1.e4 c5 2.Nf3 d6 3.Nc3 e6 4.a3 Nf6 5.Bc4 Be7 6.O-O O-O 7.d4 Nxe4 8.Nxe4 d5
9.Nxc5 dxc4 10.Ne4 b5 11.c3 Bb7 12.Re1 Nd7 13.Bg5 Bxe4 14.Bxe7 Bxf3 15.
Bxd8 Bxd1 16.Be7 Rfe8 17.Bd6 Bc2 18.f4 Bd3 19.Re3 Nb6 20.Rd1 Na4 21.Rd2 a5
22.g4 Ra6 23.Bc5 Nxc5 24.dxc5 Rc6 25.b4 axb4 26.axb4 Ra8 27.Kf2 Ra3 28.
Rexd3 cxd3 29.Rxd3 g6 30.h4 Kg7 31.Ke3 Ra1 32.Kd4 Rg1 33.g5 Rg4 34.Rf3 
Rxh4 35.c4 bxc4 36.b5 Rc8 37.c6 c3 38.Kxc3 Rh1 39.Kb4 Rb1+ 40.Rb3 Rxb3+ 
41.Kxb3 Kf8 42.Kb4 Ke7 43.Kc5 Re8 44.b6 Kd8 45.Kd6 Kc8 46.b7+ Kb8 47.Kd7 
Rh8 48.Ke7 Kc7 49.Kxf7 Kxc6 50.Kg7 Rb8 51.Kxh7 Kxb7 52.Kxg6 Rf8 53.Kg7 
Rxf4 54.Kh7 Rg4 55.Kh6 e5 56.g6 e4 57.Kh7 e3 0-1

[Event "XIII American Continental"]
[Site "Montevideo URU"]
[Date "2018.06.09"]
[Round "10"]
[White "Campora, Edgardo"]
[Black "Fein, Jorge"]
[Result "1-0"]
[WhiteElo "1772"]
[BlackElo "1648"]
[EventDate "2018.06.01"]
[PlyCount "119"]

1.e4 e5 2.Nf3 Nc6 3.Bc4 Nd4 4.Nxd4 exd4 5.O-O d6 6.c3 dxc3 7.bxc3 Qf6 8.
Qb3 Nh6 9.Re1 Ng4 10.f3 Ne5 11.Bf1 Be7 12.d4 Ng6 13.a4 Nh4 14.Be3 O-O 15.
Nd2 b6 16.a5 Rb8 17.axb6 axb6 18.Qc2 Qg6 19.g3 d5 20.Qb1 dxe4 21.fxe4 Bg5 
22.Kh1 Bxe3 23.Rxe3 Qg5 24.Qe1 Ng6 25.Nf3 Qd8 26.Bc4 Bg4 27.Qf2 Qf6 28.Rf1
Nh8 29.e5 Qc6 30.Bd3 g6 31.Kg1 Bxf3 32.Rxf3 Rbe8 33.c4 Qa4 34.Qb2 Qd7 35.
Rf6 Re6 36.R6f4 Qe7 37.Be4 Qd8 38.Bd5 Re7 39.Qf2 b5 40.Qf3 bxc4 41.Ra1 Rd7
42.Ra8 Qe7 43.Ra6 Qb4 44.Raf6 Qb1+ 45.Kg2 Qd3 46.Rc6 Qxf3+ 47.Bxf3 Kg7 48.
Rxc4 h6 49.Bc6 Re7 50.Re4 Rfe8 51.Bxe8 Rxe8 52.Rxc7 g5 53.d5 Ng6 54.e6 Re7
55.Rxe7 Nxe7 56.d6 fxe6 57.dxe7 Kf7 58.e8=Q+ Kxe8 59.Rxe6+ Kf7 60.Rxh6 1-0

[Event "XIII American Continental"]
[Site "Montevideo URU"]
[Date "2018.06.09"]
[Round "10"]
[White "Areco, Antonio"]
[Black "Mordetzki, Ariel"]
[Result "1-0"]
[WhiteElo "1746"]
[BlackElo "1542"]
[EventDate "2018.06.01"]
[PlyCount "27"]

1.Nf3 d5 2.d4 c6 3.Bf4 Nf6 4.h3 e6 5.e3 Bd6 6.Bxd6 Qxd6 7.Nbd2 Nbd7 8.Bd3 
O-O 9.O-O e5 10.dxe5 Nxe5 11.Nxe5 Qxe5 12.c3 Bf5 13.Nf3 Qe6 14.Nd4 1-0

[Event "XIII American Continental"]
[Site "Montevideo URU"]
[Date "2018.06.09"]
[Round "10"]
[White "Podesta, Sofia"]
[Black "Ramirez, Agustin"]
[Result "0-1"]
[WhiteElo "1195"]
[BlackElo "1675"]
[EventDate "2018.06.01"]
[PlyCount "80"]

1.Nf3 Nf6 2.d4 g6 3.e3 Bg7 4.Be2 d6 5.c4 Nbd7 6.O-O O-O 7.Nbd2 e5 8.dxe5 
dxe5 9.Qc2 Re8 10.e4 b6 11.b3 Bb7 12.Bb2 c5 13.Rad1 Qc7 14.Rfe1 Rad8 15.
Bf1 h6 16.Bd3 Nh7 17.Nb1 Nhf8 18.Nc3 Ne6 19.Nd5 Qb8 20.Bf1 Nd4 21.Qd3 Nf8 
22.g3 Nfe6 23.Bg2 Kh8 24.h3 Ba6 25.a4 Nc7 26.Nh2 Nce6 27.Bc1 Nc6 28.Qe2 
Ned4 29.Qe3 Nc2 30.Qe2 Nxe1 31.Qxe1 Nd4 32.Qe3 Bc8 33.Nf3 Be6 34.Nh4 g5 
35.Nf5 Bxf5 36.exf5 Nxf5 37.Qe4 Nd4 38.Rd3 Qd6 39.Ne3 Ne2+ 40.Kf1 Qxd3 0-1